<?xml version="1.0" encoding="UTF-8"?>
<record
    xmlns:xsi="http://www.w3.org/2001/XMLSchema-instance"
    xsi:schemaLocation="http://www.loc.gov/MARC21/slim http://www.loc.gov/standards/marcxml/schema/MARC21slim.xsd"
    xmlns="http://www.loc.gov/MARC21/slim">

  <leader>00848nam a22002417a 4500</leader>
  <datafield tag="999" ind1=" " ind2=" ">
    <subfield code="c">7247</subfield>
    <subfield code="d">7247</subfield>
  </datafield>
  <controlfield tag="003">OSt</controlfield>
  <controlfield tag="005">20240109125735.0</controlfield>
  <controlfield tag="008">190830s2019    sp     | |||| 000 0 cat d</controlfield>
  <datafield tag="015" ind1=" " ind2=" ">
    <subfield code="a">MON1908</subfield>
  </datafield>
  <datafield tag="020" ind1=" " ind2=" ">
    <subfield code="a">9788417082635</subfield>
  </datafield>
  <datafield tag="040" ind1=" " ind2=" ">
    <subfield code="a">SpMaBN</subfield>
    <subfield code="b">spa</subfield>
    <subfield code="c">CDMR</subfield>
  </datafield>
  <datafield tag="100" ind1="1" ind2=" ">
    <subfield code="a">Camps Durban, Eloi</subfield>
  </datafield>
  <datafield tag="245" ind1="1" ind2="0">
    <subfield code="a">Fem-nos escoltar! </subfield>
    <subfield code="b">: hist&#xF2;ria de les r&#xE0;dios ciutadanes de l'espai catal&#xE1; de comunicaci&#xF3; (1977-2017) / </subfield>
    <subfield code="c">Eloi Camps Durban</subfield>
  </datafield>
  <datafield tag="260" ind1=" " ind2=" ">
    <subfield code="a">Ma&#xE7;anet de la Selva : </subfield>
    <subfield code="b">Editorial Gregal, </subfield>
    <subfield code="c">[2019]</subfield>
  </datafield>
  <datafield tag="300" ind1=" " ind2=" ">
    <subfield code="a">379 p.</subfield>
    <subfield code="c">23 cm</subfield>
  </datafield>
  <datafield tag="504" ind1=" " ind2=" ">
    <subfield code="a">Inclou refer&#xE8;ncies bibliogr&#xE1;fiques</subfield>
  </datafield>
  <datafield tag="650" ind1=" " ind2="4">
    <subfield code="a">R&#xE0;dio</subfield>
    <subfield code="z">Catalunya</subfield>
    <subfield code="v">Hist&#xF2;ria</subfield>
    <subfield code="9">2387</subfield>
  </datafield>
  <datafield tag="650" ind1=" " ind2="4">
    <subfield code="a">R&#xE0;dio local</subfield>
    <subfield code="9">1727</subfield>
  </datafield>
  <datafield tag="650" ind1=" " ind2="4">
    <subfield code="a">R&#xE0;dio lliure</subfield>
    <subfield code="9">4182</subfield>
  </datafield>
  <datafield tag="650" ind1=" " ind2="4">
    <subfield code="a">R&#xE0;dio</subfield>
    <subfield code="z">Comunitat Valenciana</subfield>
    <subfield code="v">Hist&#xF2;ria</subfield>
    <subfield code="9">2387</subfield>
  </datafield>
  <datafield tag="650" ind1=" " ind2="4">
    <subfield code="a">R&#xE0;dio</subfield>
    <subfield code="z">Balears (Comunidad Aut&#xF3;noma)</subfield>
    <subfield code="v">Hist&#xF2;ria</subfield>
    <subfield code="9">2387</subfield>
  </datafield>
  <datafield tag="942" ind1=" " ind2=" ">
    <subfield code="c">MON</subfield>
    <subfield code="2">udc</subfield>
  </datafield>
  <datafield tag="952" ind1=" " ind2=" ">
    <subfield code="0">0</subfield>
    <subfield code="1">0</subfield>
    <subfield code="4">0</subfield>
    <subfield code="7">0</subfield>
    <subfield code="a">CDMR</subfield>
    <subfield code="b">CDMR</subfield>
    <subfield code="d">2019-08-30</subfield>
    <subfield code="e">Donaci&#xF3;</subfield>
    <subfield code="g">19.00</subfield>
    <subfield code="l">4</subfield>
    <subfield code="m">4</subfield>
    <subfield code="o">Es /25</subfield>
    <subfield code="p">CDMR19080001</subfield>
    <subfield code="r">2020-11-03</subfield>
    <subfield code="s">2020-06-28</subfield>
    <subfield code="v">19.00</subfield>
    <subfield code="w">2019-08-30</subfield>
    <subfield code="y">MON</subfield>
  </datafield>
</record>
